000 00721cam a22002417a 4500
003 MX-MxUPN
005 20231107193201.0
008 231024b |||||||| |||| 00| d spa d
040 _aMX-MxUPN
_bspa
041 _aspa
_hrus
050 4 _aPG3457 S5
_bA2 1978
100 1 _930916
_aChéjov, Antón Pávlovich,
_d1860-1904
245 _aLa gaviota ;
_bEl jardín de los cerezos
250 _aPrimera edición
260 _aMéxico, D.F. :
_bUNAM,
_c1973
300 _a153 páginas
490 0 _aNuestros clásicos ;
_v38
650 4 _950570
_aTeatro ruso
_ySiglo XIX
700 1 _950571
_aGuardia, Miguel
_eprólogo
902 _aGCH241023
_bVíctorGodínez/071123
942 _2lcc
_cLIBRO
999 _c210581
_d210581